000 00666nam a22002057a 4500
005 20251108170504.0
008 250721s2002 xx 000 0 ara d
082 1 4 _aط/ق/لين
100 1 _aليندغرين، إستريد
245 1 0 _aالربيع في القرية الصاخبة /
264 1 _aاستوكهولم :
_bدار المنى،
_c2002.
300 _a[10 ص]
650 1 7 _aالأدب القصصي
650 1 7 _aأدب الأطفال
653 _aأطفال مرحلة متوسطة ( 6 - 9 سنوات )
700 1 _aزريقات، منى
_eترجمة
700 1 _aفيكلاند، أيلون
_eرسم
942 _2ddc
_cBK
999 _c41738
_d41738